Diseño de manual de funciones para el instituto nicaragüense de desarrollo y sus programas.

En el desarrollo del tema de tesis, se presenta el diagnóstico de la situación actual del proceso de delegación de funciones y actividades, basado en el análisis paso a paso de la lógica del proceso actual y las observaciones respectivas, a la vez se presenta el diseño del manual de funciones...

Full description

Bibliographic Details
Main Author: Galeano Murillo, Karen Virginia.
Other Authors: Tutor: Machado Bello, Xiomara Argentina
Format: Tesis Section = Libro
Language:Undetermined
Spanish
Published: Managua UNI 2013
Subjects:
LEADER 01300nam a2200229Ia 4500
008 240830s9999 xx 000 0 und d
040 |a BIBLIOTECA-RUSB/ M.Mon 658.402 G152 
041 |a spa 
082 |a M.Mon 658.402 G152 
100 1 |a Galeano Murillo, Karen Virginia. 
245 1 0 |a Diseño de manual de funciones para el instituto nicaragüense de desarrollo y sus programas. 
260 |a Managua  |b UNI  |c 2013 
300 |a 50 p. :il. 
502 |a Tesis (Máster en Dirección y Gestión de Empresas) - UNI, 2013. 
520 3 |a En el desarrollo del tema de tesis, se presenta el diagnóstico de la situación actual del proceso de delegación de funciones y actividades, basado en el análisis paso a paso de la lógica del proceso actual y las observaciones respectivas, a la vez se presenta el diseño del manual de funciones con el correcto proceso que se debe seguir. Tanto el manual como el proceso son basados y reforzados por el análisis de los resultados de la encuesta, entrevista y formatos de evaluación, así como, el Plan Estratégico de INDE. 
650 7 |a ORGANIZACIÓN INTERNA 
650 7 |b  ESTRUCTURA ORGANIZACIONAL 
650 7 |c  MANUALES ADMINISTRATIVOS 
700 1 |a Tutor:  |b Machado Bello, Xiomara Argentina 
942 |c BK  |2 ddc 
991 |a TESIS 
999 |c 19410